| 000 | 00567nam a2200229Ia 4500 | ||
|---|---|---|---|
| 003 | OSt | ||
| 005 | 20220912152119.0 | ||
| 006 | a|||||r|||| 00| 0 | ||
| 007 | ta | ||
| 008 | 220909b |||||||| |||| 00| 0 eng d | ||
| 024 | _a59250 | ||
| 037 | _cTextual | ||
| 040 |
_aCSL _beng _cCSL |
||
| 041 | _aeng | ||
| 082 | _aDn3:M95, G9 CS | ||
| 245 | 0 | _aEngineer's year-book 1939 | |
| 260 | _c1939 | ||
| 300 |
_ap. _ccm. |
||
| 650 | _aPublic works department | ||
| 942 |
_hDn3:M95, G9 CS _cTEXL _2CC |
||
| 999 |
_c81048 _d81048 |
||